Banijya lakhimi (Record no. 5867)

MARC details
000 -LEADER
fixed length control field 00487cam a2200205ua 4500
001 - CONTROL NUMBER
control field 6724
005 - DATE AND TIME OF LATEST TRANSACTION
control field 20260515114109.0
008 - FIXED-LENGTH DATA ELEMENTS--GENERAL INFORMATION
fixed length control field 140319n ii |||gr||||Z||||||asm
020 ## - INTERNATIONAL STANDARD BOOK NUMBER
International Standard Book Number 81-7206-176-8
040 ## - CATALOGING SOURCE
Transcribing agency MAIN
082 ## - DEWEY DECIMAL CLASSIFICATION NUMBER
Classification number 650
245 ## - TITLE STATEMENT
Title Banijya lakhimi
250 ## - EDITION STATEMENT
Edition statement 7th ed.
260 ## - PUBLICATION, DISTRIBUTION, ETC.
Place of publication, distribution, etc. Guwahati:
Name of publisher, distributor, etc. Bani mandir,
Date of publication, distribution, etc. 2007.
300 ## - PHYSICAL DESCRIPTION
Extent x,109p.
653 ## - INDEX TERM--UNCONTROLLED
Uncontrolled term Management & auxiliary services
653 ## - INDEX TERM--UNCONTROLLED
Uncontrolled term Banijya lakhimi
700 ## - ADDED ENTRY--PERSONAL NAME
Personal name Bora,Mahendra,
Relator term Editor.
942 ## - ADDED ENTRY ELEMENTS (KOHA)
Koha item type Books
Holdings
Withdrawn status Lost status Damaged status Not for loan Home library Current library Shelving location Date acquired Total checkouts Full call number Barcode Date last seen Copy number Price effective from Koha item type
        Naharkatiya College Library Naharkatiya College Library General stacks 09/19/2020   650 | BAN 18254 09/19/2020 1 09/19/2020 Books
        Naharkatiya College Library Naharkatiya College Library General stacks 09/19/2020   650 | BAN 18255 09/19/2020 2 09/19/2020 Books